[Event "London Classic U2050 op 10th"]
[Site "London"]
[Date "2018.12.14"]
[Round "1"]
[White "Maciol, Ryszard"]
[Black "Ramprasad, Cherupalli"]
[Result "1-0"]
[WhiteElo "2121"]
[BlackElo "1846"]
[PlyCount "47"]
[EventDate "2018.12.14"]
[EventType "swiss"]
[EventRounds "5"]
[EventCountry "ENG"]
[SourceTitle "CBM 187 Extra"]
[Source "ChessBase"]
[SourceDate "2018.11.04"]
[SourceVersion "1"]
[SourceVersionDate "2018.11.04"]
[SourceQuality "1"]

1. d4 d5 2. c4 c6 3. Nf3 Nf6 4. Nc3 dxc4 5. a4 Bf5 6. g3 Na6 7. Bf4 Nd5 8. Bd2 Qb6 9. e4 Nxc3 10. bxc3 Bxe4 11. Bxc4 e6 12. 0-0 Bd6 13. Ng5 Bg6 14. h4 h5 15. Qe2 0-0 16. Ne4 Qc7 17. Rab1 e5 18. Nxd6 Bxb1 19. Rxb1 Qxd6 20. Rxb7 exd4 21. Bxa6 dxc3 22. Bxc3 Rae8 23. Qxh5 c5 24. Bc4 1-0

[Event "Basingstoke 4NCL Spring Bank op-B 1st"]
[Site "Basingstoke"]
[Date "2018.05.26"]
[Round "3"]
[White "De Coverly, Roger D"]
[Black "Ramprasad, Cherupalli"]
[Result "0-1"]
[WhiteElo "1943"]
[BlackElo "1827"]
[PlyCount "134"]
[EventDate "2018.05.25"]
[EventType "swiss"]
[EventRounds "7"]
[EventCountry "ENG"]
[SourceTitle "CBM 184 Extra"]
[Source "ChessBase"]
[SourceDate "2018.06.28"]
[SourceVersion "1"]
[SourceVersionDate "2018.06.28"]
[SourceQuality "1"]

1. e4 e5 2. Nf3 Nf6 3. Nxe5 d6 4. Nf3 Nxe4 5. d3 Nf6 6. d4 d5 7. c4 Bb4+ 8. Nc3 0-0 9. Be2 dxc4 10. Bxc4 Bg4 11. 0-0 Nc6 12. Be3 Qd7 13. Be2 Rad8 14. a3 Ba5 15. Qa4 Qf5 16. Rfd1 Bb6 17. Rac1 Ne7 18. h3 Bxf3 19. Bxf3 c6 20. Qc2 Rd7 21. Na4 Rfd8 22. Nxb6 axb6 23. Qb3 Ned5 24. Qd3 Ne7 25. b4 b5 26. Rc5 Qxd3 27. Rxd3 Ned5 28. g4 Nxe3 29. fxe3 Nd5 30. Kf2 f6 31. Bxd5+ Rxd5 32. Rxd5 Rxd5 33. e4 Rd7 34. Ke3 Kf7 35. d5 Ke7 36. Kd4 cxd5 37. exd5 Rc7 38. Re3+ Kd7 39. Re6 Rc4+ 40. Kd3 h5 41. Re4 Rxe4 42. Kxe4 hxg4 43. hxg4 g6 44. Kd4 Kd6 45. Ke4 b6 46. Kd4 Ke7 47. Ke4 Kd7 48. Kd3 Kd6 49. Kd4 f5 50. g5 f4 51. Ke4 f3 52. Kxf3 Kxd5 53. Kf4 Kd4 54. Kf3 Ke5 55. Ke3 Kf5 56. Kd4 Kxg5 57. Kd5 Kf4 58. Kc6 g5 59. Kxb5 g4 60. Kxb6 g3 61. a4 g2 62. b5 g1Q+ 63. Ka6 Ke5 64. a5 Kd6 65. Kb7 Qc5 66. Ka6 Kc7 67. b6+ Kb8 0-1

[Event "BCF-chT4S 1718 (4NCL)"]
[Site "England"]
[Date "2018.05.06"]
[Round "10.81"]
[White "Ramprasad, Cherupalli"]
[Black "Stoyanov, Viktor"]
[Result "0-1"]
[WhiteElo "1895"]
[BlackElo "2027"]
[PlyCount "78"]
[EventDate "2017.11.11"]
[EventType "team-swiss"]
[EventRounds "11"]
[EventCountry "ENG"]
[SourceTitle "EXT 2020"]
[Source "ChessBase"]
[SourceDate "2019.10.17"]
[SourceVersion "1"]
[SourceVersionDate "2019.10.17"]
[SourceQuality "1"]
[WhiteTeam "Brown Jack III"]
[BlackTeam "Camberley Juniors"]
[WhiteTeamCountry "ENG"]
[BlackTeamCountry "ENG"]

1. Nf3 Nf6 2. g3 g6 3. Bg2 Bg7 4. c4 c5 5. 0-0 Nc6 6. Nc3 0-0 7. d4 cxd4 8. Nxd4 d6 9. Nxc6 bxc6 10. Bxc6 Rb8 11. b3 Bh3 12. Re1 Ng4 13. Bb2 Qb6 14. e3 Qxc6 15. f3 Ne5 16. Nd5 Qb7 17. Bxe5 Bxe5 18. Rc1 Be6 19. e4 Rfc8 20. f4 Bg7 21. g4 Bxd5 22. exd5 Qb6+ 23. Kg2 Re8 24. Re4 e5 25. f5 Qd8 26. Qf3 Bh6 27. Rc3 Bf4 28. a3 Qg5 29. fxg6 hxg6 30. b4 f5 31. Re2 Qxg4+ 32. Qxg4 fxg4 33. c5 a5 34. Rc4 axb4 35. axb4 Kf7 36. c6 Rec8 37. Kf1 Rb5 38. Rb2 Rc7 39. Kg2 Kf6 0-1

[Event "Newport Pagnell 4NCL op 11th"]
[Site "Newport Pagnell"]
[Date "2016.11.06"]
[Round "5"]
[White "Boswell, Jacob Connor"]
[Black "Ramprasad, Cherupalli"]
[Result "1-0"]
[WhiteElo "1698"]
[BlackElo "1945"]
[PlyCount "65"]
[EventDate "2016.11.04"]
[EventType "swiss"]
[EventRounds "5"]
[EventCountry "ENG"]
[SourceTitle "CBM 175 Extra"]
[Source "ChessBase"]
[SourceDate "2016.12.12"]
[SourceVersion "1"]
[SourceVersionDate "2016.12.12"]
[SourceQuality "1"]

1. e4 e5 2. Nf3 Nc6 3. Bb5 a6 4. Ba4 Nf6 5. 0-0 b5 6. Bb3 Be7 7. Re1 0-0 8. c3 d6 9. h3 Nb8 10. Bc2 Bb7 11. d4 Nbd7 12. Nbd2 Re8 13. Nf1 Bf8 14. Ng3 g6 15. Bg5 Bg7 16. Qd2 c5 17. d5 c4 18. Nh2 Qb6 19. Ngf1 Rac8 20. Ne3 Qc7 21. Neg4 a5 22. Nh6+ Bxh6 23. Bxh6 Nf8 24. Rf1 N6d7 25. Ng4 f6 26. Rae1 Qd8 27. f4 Qe7 28. fxe5 dxe5 29. Qf2 b4 30. Ba4 f5 31. exf5 Bxd5 32. f6 Qf7 33. Bg7 1-0